Textbook of production technology: Manufacturing processes (Record no. 176677)

MARC details
000 -LEADER
fixed length control field 00408nam a2200157Ia 4500
008 - FIXED-LENGTH DATA ELEMENTS--GENERAL INFORMATION
fixed length control field 230917s9999||||xx |||||||||||||| ||und||
040 ## - CATALOGING SOURCE
-- 210439
Original cataloging agency VIVEKANANDA LIBRARY
041 ## - Language
-- English
082 ## - DDC NUMBER
Classification number 670 S23T(7)
100 ## - MAIN ENTRY--PERSONAL NAME
Personal name Sharma, P C
245 #0 - TITLE STATEMENT
Title Textbook of production technology: Manufacturing processes
250 ## - EDITION STATEMENT
Edition statement 7th ed.
260 ## - PUBLICATION, DISTRIBUTION, ETC. (IMPRINT)
Place of publication, distribution, etc New Delhi
Name of publisher, distributor, etc S Chand
Date of publication, distribution, etc 2013
300 ## - PHYSICAL DESCRIPTION
Pages viii, 830p p.
942 ## - ADDED ENTRY ELEMENTS (KOHA)
Koha item type Books
Holdings
Withdrawn status Lost status Damaged status Not for loan Location (home branch) Sublocation or collection (holding branch) Shelving location Date acquired Koha issues (times borrowed) Koha full call number Accession No. Koha date last seen Koha item type
        VIVEKANANDA LIBRARY VIVEKANANDA LIBRARY UIET Library 20/09/2013   670 S23T(7) 332955 17/09/2023 Books
        VIVEKANANDA LIBRARY VIVEKANANDA LIBRARY UIET Library 20/09/2013   670 S23T(7) 332956 17/09/2023 Books
        VIVEKANANDA LIBRARY VIVEKANANDA LIBRARY UIET Library 20/09/2013   670 S23T(7) 332957 17/09/2023 Books
        VIVEKANANDA LIBRARY VIVEKANANDA LIBRARY UIET Library 20/09/2013   670 S23T(7) 332958 17/09/2023 Books
        VIVEKANANDA LIBRARY VIVEKANANDA LIBRARY UIET Library 20/09/2013   670 S23T(7) 332959 17/09/2023 Books
© Designed and Maintained by Vivekananda Library, MDU Rohtak